000 00590nam a2200181 i 4500
001 107812
003 ES-MaACL
005 20230906184510.0
007 t|
008 061121s1902 fr |||| | fre d
100 1 _aMoulin, Henri Alexis.
_983860
245 1 3 _aLe litige Chilo-Argentin et la délimitation politique des frontières naturelles /
_cHenri- Alexis Moulin.
260 _aParis :
_bA. Rousseau,
_c1902.
300 _a147 p. ;
_c22 cm.
651 4 _aChile-
_xFronteras-
_zArgentina.
_9158792
651 4 _aArgentina-
_xFronteras-
_zChile.
_9158791
852 _aES-MaACL
_jT-979-F-8
999 _c107812
_d107812